| 000 | 00000nam 2200000za 4500 |
| 001 | 9.801083 |
| 003 | CaOODSP |
| 005 | 20221107134730 |
| 007 | cr ||||||||||| |
| 008 | 150602s2015||||xxc|||||o f00| 0 fre d |
| 020 | |a978-0-660-02449-3 |
| 040 | |aCaOODSP|bfre |
| 043 | |an-cn--- |
| 086 | 1 |aX9-34/2015F-PDF |
| 110 | 1 |aCanada. |bParlement. |bChambre des communes. |
| 245 | 10|aRésumé des mesures prises à la suite des événements survenus à la Chambre des communes le 22 octobre 2014 |h[ressource électronique] : |brapport à l'intention des parlementaires, des employés et de la communauté de la Colline du Parlement. |
| 260 | |a[Ottawa] : |bChambre des communes,|c2015. |
| 300 | |a16 p. |
| 500 | |aPublié aussi en anglais sous le titre : October 22, 2014 : House of Commons incident response summary : report for parliamentarians, employees, and the Parliament Hill community. |
| 500 | |a«Le 3 juin 2015». |
| 692 | 07|2gccst|asécurité publique |
| 692 | 07|2gccst|aParlement |
| 692 | 07|2gccst|aterrorisme |
| 775 | 08|tOctober 22, 2014|w(CaOODSP)9.801080 |
| 856 | 40|qPDF|s543 Ko|uhttps://publications.gc.ca/collections/collection_2015/parl/X9-34-2015-fra.pdf |